| 000 | 00750cab a2200241 4500 | ||
|---|---|---|---|
| 001 | WB3205-47 | ||
| 008 | 090401t1996 xxu||||| |||| 00| 0 eng d | ||
| 035 | _a(Sirsi) u14329 | ||
| 041 | _aeng | ||
| 245 | _aAdvertising hoardings | ||
| 260 | _c1996 | ||
| 350 | _a0 | ||
| 490 |
_aSunday Telegraph _v28 January 1996, 2.17(2) |
||
| 520 | _aAlthough having an advertising hoarding on the side of a building can prove beneficial to the owner, the number of sites is decreasing due to planning regulations. (See also WB3113-25) | ||
| 650 | _aADVERTISEMENTS | ||
| 650 | _aADVERTISING SITES | ||
| 650 | _aBILLBOARDS | ||
| 650 | _aHOARDINGS | ||
| 650 | _aPOSTER SITES | ||
| 690 | _aPLANNING LAW AND PRACTICE | ||
| 942 | _n0 | ||
| 948 | _c04/03/1997 | ||
| 999 |
_c9319 _d9319 |
||